LIBRARY & INFORMATION CENTRE, KCAET, TAVANUR

ONLINE PUBLIC ACCESS CATALOGUE (OPAC)

Biodiesel production from waste cooking oil (Record no. 17395)

MARC details
000 -LEADER
fixed length control field 00485nam a22001697a 4500
003 - CONTROL NUMBER IDENTIFIER
control field OSt
082 ## - DEWEY DECIMAL CLASSIFICATION NUMBER
Classification number 664
Item number AKS/BI
088 ## - REPORT NUMBER
Report number P 506
100 ## - MAIN ENTRY--AUTHOR NAME
Personal name Akshitha K Baby
100 ## - MAIN ENTRY--AUTHOR NAME
Personal name Hyderali Shihabudheen U H
100 ## - MAIN ENTRY--AUTHOR NAME
Personal name Nishana
100 ## - MAIN ENTRY--AUTHOR NAME
Personal name Saleekha Shamsudheen
245 ## - TITLE STATEMENT
Title Biodiesel production from waste cooking oil
260 ## - PUBLICATION, DISTRIBUTION, ETC. (IMPRINT)
Place of publication Tavanur,KCAET
Year of publication 2021
Name of publisher Department of processing and food engineering
700 ## - ADDED ENTRY--PERSONAL NAME
Personal name Sreeja R (guide)
942 ## - ADDED ENTRY ELEMENTS (KOHA)
Koha item type Project Report
Holdings
Collection code Home library Current library Shelving location Full call number Accession Number Koha item type
Reference KAUAET KAUAET Reference 664 AKS/BIO P 506 Project Report
free website counter